| 000 | 00566nam a22001697a 4500 | ||
|---|---|---|---|
| 003 | NUST | ||
| 038 | _aNusrat Nadeem | ||
| 082 | _a200 | ||
| 100 |
_aRizwan, Muhammad _923559 |
||
| 245 |
_aDistinguishing Kerr-Like Black Holes From Naked Singularities Using Precession Frequency of Gyroscope/ _cMuhammad Rizwan |
||
| 264 |
_aIslamabad; _bSNS NUST; _c2021; |
||
| 300 |
_a119,p; _bill; _c30,cm. |
||
| 650 |
_aPhD-Mathematics _9123169 |
||
| 700 |
_aSupervisor:Dr.Tooba Feroze _9123719 |
||
| 856 | _uhttp://10.250.8.41:8080/xmlui/handle/123456789/28340 | ||
| 942 |
_2ddc _cSC |
||
| 999 |
_c609821 _d609821 |
||